00464nam a2200181 a 4500001001300000003000900013005001700022008004100039020001000080082001400090100002200104245002700126260004800153300000800201500003500209650001600244700002200260nice12345678IN_TiNIC20260116011430.0080909s1927 laha grp 000 0 eng  ac10000a239bGOL6 aGoldsack, William aMuhammad and the Bible aLahorebPunjab Religious Booksociety c1927 a44p aincludes index and biblioraphy aApologetics1 aGoldsack, William